|
|
|
|
| LEADER |
00000nam a2200000 a 4500 |
| 001 |
vtls001278705 |
| 003 |
SK-MaSNL |
| 005 |
20260301064702.0 |
| 008 |
240313s1963 xx 0 und |
| 035 |
|
|
|a SNK000230028
|
| 040 |
|
|
|a SNK
|b slo
|c SNK
|e AACR2
|
| 100 |
1 |
|
|a Kotnauer, Luboš
|4 aut
|9 63586
|
| 245 |
1 |
|
|a Železniční modelářství
|n 3. díl
|p Elektrotechnika
|
| 260 |
|
|
|a Praha
|b Nakladatelství dopravy a spojů
|c 1963
|
| 300 |
|
|
|a 178 s.
|
| 958 |
|
|
|a OND
|
| 999 |
|
|
|c 627844
|d 629774
|
| 952 |
|
|
|t P60, <04>, [BOOK], {604}
|a SNK
|b SNK
|y VYP
|7 0
|p 17A0051444
|o snkIB 9572/3
|0 0
|1 0
|4 0
|d 1997-03-05
|l 0
|r 2005-01-02 00:00:00
|w 2026-02-23
|
| 952 |
|
|
|t P60, <04>, [BOOK], {604}
|a SNK
|b SNK
|y VYP
|7 0
|p 17A0381584
|o snkIB 9572/3 D1
|i snkKIP 2115/63
|0 0
|1 1
|4 0
|d 2003-04-28
|l 0
|r 2005-01-02 00:00:00
|w 2026-02-23
|